Inputs in Evaluation of the Financial Performance of Companies

Gespeichert in:
Bibliographische Detailangaben
1. Verfasser: Lukáč, Jozef, 1991-
Format: Buchkapitel
Sprache:Englisch
Schlagworte:
Tags: Tag hinzufügen
Keine Tags, Fügen Sie das erste Tag hinzu!

MARC

LEADER 00000nla a2200000 4500
001 0227406
005 20240502073740.2
041 0 |a eng 
044 |a SK 
245 1 0 |a Inputs in Evaluation of the Financial Performance of Companies  |c Jozef Lukáč 
500 |a Abstrakt 
610 2 0 |a hospodárstvo podniku finančné 
610 2 0 |a zdravie podniku finančné 
610 2 0 |a analýza finančná 
610 2 0 |a výkazy finančné 
610 2 0 |a riadenie finančné 
100 1 |a Lukáč, Jozef, 1991-